Top Ranked MLB Players of the 2020s - Statistics

General Stats
  • This quiz has been taken 135 times
    53 since last reset
  • The average score is 19 of 30
Answer Stats
Points POS Answer % Correct
650 RF/CF Aaron Judge
98%
666 RF/2B/SS Mookie Betts
96%
541 SP/DH Shohei Ohtani
96%
567 CF/RF Mike Trout
87%
658 LF/RF Juan Soto
78%
577 RF/SS Fernando Tatis Jr
76%
634 1B Freddie Freeman
76%
520 3B Manny Machado
76%
575 1B/RF Bryce Harper
73%
551 SS Francisco Lindor
73%
587 3B Jose Ramirez
73%
622 RF Ronald Acuna Jr
71%
451 2B Jose Altuve
69%
478 1B Matt Olson
67%
443 LF/DH Yordan Alvarez
67%
405 1B Vladimir Guerrero Jr
64%
516 3B Alex Bregman
62%
387 RF Kyle Tucker
62%
411 SP Jacob deGrom
58%
362 1B Paul Goldschmidt
53%
462 3B/1B Rafael Devers
53%
502 SS Corey Seager
51%
431 3B Nolan Arenado
51%
505 SS Trea Turner
51%
500 SP Gerrit Cole
47%
359 2B/OF Ketel Marte
44%
405 1B Pete Alonso
44%
361 SS Carlos Correa
42%
354 2B Marcus Semien
36%
363 CF/DH George Springer
24%
No matching quizzes found
Score Distribution
Percent of People with Each Score
Percentile by Number Answered
Your Score History
You have not taken this quiz since the last reset